Giải phẫu tạo hình Giáo trình đào tạo giáo viên hệ cao đẳng sư phạm
Enregistré dans:
| Auteur principal: | |
|---|---|
| Format: | Livre |
| Publié: |
H.
Đại học sư phạm
2003
|
| Collection: | ĐTTS ghi: Bộ Giáo Dục và Đào Tạo - Dự án đào tạo giáo viên trung học cơ sở
|
| Sujets: | |
| Tags: |
Ajouter un tag
Pas de tags, Soyez le premier à ajouter un tag!
|
| Thư viện lưu trữ: | Trung tâm Học liệu Lê Vũ Hùng, Trường Đại học Đồng Tháp |
|---|
| LEADER | 01758pam a22002658a 4500 | ||
|---|---|---|---|
| 001 | 00022665 | ||
| 005 | 20171026081022.0 | ||
| 008 | 110601s2003 ||||||Viesd | ||
| 041 | 0 | # | |a Vie |
| 082 | 1 | 4 | |a 730.02 |b GI103PH |
| 100 | 0 | # | |a Đinh Tiến Hiếu |
| 245 | 0 | 0 | |a Giải phẫu tạo hình |b Giáo trình đào tạo giáo viên hệ cao đẳng sư phạm |c Đinh Tiến Hiếu |
| 260 | # | # | |a H. |b Đại học sư phạm |c 2003 |
| 300 | # | # | |a 134 tr. |c 24 cm. |b hình vẽ |
| 490 | # | # | |a ĐTTS ghi: Bộ Giáo Dục và Đào Tạo - Dự án đào tạo giáo viên trung học cơ sở |
| 653 | # | # | |a Con người |
| 653 | # | # | |a Tạo hình |
| 653 | # | # | |a Nghệ thuật |
| 653 | # | # | |a Giải phẩu |
| 852 | # | # | |b Kho giáo trình |j KGT.0013078, KGT.0013079, KGT.0013080, KGT.0013081, KGT.0013082, KGT.0013083, KGT.0013084, KGT.0013085, KGT.0013086, KGT.0013087, KGT.0013088, KGT.0013089, KGT.0013090, KGT.0013091, KGT.0013092, KGT.0013093, KGT.0013094, KGT.0013095, KGT.0013096, KGT.0013097, KGT.0013098, KGT.0013099, KGT.0013100, KGT.0013101, KGT.0032942, KGT.0032973, KGT.0033166, KGT.0033389, KGT.0033456 |
| 852 | # | # | |j KD.0007613 |j KGT.0013086 |j KGT.0013087 |j KGT.0013088 |j KGT.0013090 |j KGT.0013092 |j KGT.0013093 |j KGT.0013095 |j KGT.0013096 |j KGT.0013098 |j KGT.0013099 |j KGT.0013101 |j KGT.0013079 |j KGT.0013080 |j KGT.0013082 |j KGT.0013083 |j KGT.0033166 |j KGT.0032942 |j KGT.0032973 |j KGT.0033389 |j KGT.0033456 |j KGT.0013078 |j KGT.0013081 |j KGT.0013084 |j KGT.0013085 |j KGT.0013089 |j KGT.0013091 |j KGT.0013094 |j KGT.0013097 |j KGT.0013100 |
| 852 | # | # | |b Kho đọc |j KD.0007613 |
| 852 | # | # | |b Kho mượn |j KGT.0013078 |
| 910 | 0 | # | |a kìm |d 01/06/2011 |
| 980 | # | # | |a Trung tâm Học liệu Lê Vũ Hùng, Trường Đại học Đồng Tháp |